Statistics for Countries based on their Photo #2

Click here to take the quiz!

General Stats

  • This quiz has been taken 9 times
  • The average score is 11 of 20

Answer Stats

Answer% Correct
Denmark
100%
Russia
100%
Spain
89%
Saudi Arabia
78%
Switzerland
78%
Uzbekistan
78%
Greece
67%
Portugal
67%
Turkey
67%
United States
67%
Argentina
56%
Belgium
56%
Estonia
56%
Georgia
33%
Latvia
33%
New Zealand
33%
Serbia
33%
Vietnam
33%
Iceland
11%
Moldova
11%

Score Distribution

Percentile by Number Answered

Percent of People with Each Score

Your Score History

You have not taken this quiz